| 000 | 00862pam a2200241 a 4500 | ||
|---|---|---|---|
| 999 |
_c527954 _d527954 |
||
| 003 | NUST | ||
| 008 | 921020s1993 enka b 001 0 eng | ||
| 038 | _aM.Ramzan | ||
| 040 |
_aDLC _cDLC _dDLC |
||
| 050 | 0 | 0 |
_aTJ265 _b.E23 1993 |
| 082 | 0 | 0 |
_a621.4021 _bEAS |
| 100 | 1 |
_aEastop, T. D. _91486 |
|
| 245 | 1 | 0 |
_aApplied thermodynamics for engineering technologists / _cT.D. Eastop, A. McConkey. |
| 250 | _a5th ed. | ||
| 260 |
_bN.B.F _arawalpindi _bRamzan printing press |
||
| 300 |
_axix, 735 p. : _bill. ; _c25 cm. |
||
| 504 | _aIncludes bibliographical references and index. | ||
| 650 | 0 |
_aThermodynamics. _97134 |
|
| 700 | 1 |
_aMcConkey, A. _q(Allan), _d1927- _97494 |
|
| 906 |
_a7 _bcbc _corignew _d1 _eocip _f19 _gy-gencatlg |
||
| 942 |
_2ddc _cBK |
||